Album of the Year Top 50 Albums - Statistics

General Stats
  • This quiz has been taken 53 times
  • The average score is 31 of 50
Answer Stats
Hint Artist Genre Answer % Correct
1 Kendrick Lamar Conscious Hip Hop To Pimp A Butterfly
94%
3 Kendrick Lamar Conscious Hip Hop good kid, m.A.A.d city
92%
5 Radiohead Alternative Rock OK Computer
90%
27 Pink Floyd Art Rock The Dark Side of the Moon
88%
15 The Beatles Pop Rock Abbey Road
85%
47 Tyler, the Creator Alternative R&B IGOR
83%
10 Nas East Coast Hip Hop Illmatic
83%
9 Madvillain Abstract Hip Hop Madvillainy
83%
4 Radiohead Art Rock In Rainbows
81%
2 Stevie Wonder Soul Songs in the Key of Life
81%
23 Lauryn Hill Neo Soul The Miseducation of Lauryn Hill
81%
16 Radiohead Art Rock Kid A
79%
14 Wu-Tang Clan Hardcore Hip Hop Enter the Wu-Tang
77%
40 Kanye West Pop Rap The College Dropout
75%
35 Pink Floyd Progressive Rock Animals
67%
50 OutKast Southern Hip-Hop Aquemini
67%
30 Daft Punk French House Discovery
67%
43 Metallica Thrash Metal Master of Puppets
67%
13 Marvin Gaye Soul What's Going On
67%
7 Pink Floyd Progressive Rock Wish You Were Here
67%
24 Prince & The Revolution Pop Rock Purple Rain
65%
26 Jimi Hendrix Blues Rock Electric Ladyland
63%
18 Jeff Buckley Alternative Rock Grace
63%
17 King Crimson Progressive Rock In the Court of the Crimson King
63%
39 A Tribe Called Quest Jazz Rap The Low End Theory
63%
22 System of a Down Alternative Metal Toxicity
63%
38 Danny Brown Experimental Hip Hop Atrocity Exhibition
60%
12 The Microphones Indie Folk The Glow pt. 2
58%
8 Bjork Art Pop Vespertine
58%
29 Miles Davis Cool Jazz Kind of Blue
56%
21 David Bowie Pop Rock The Rise and Fall of Ziggy Stardust
56%
31 JPEGMAFIA Experimental Hip Hop LP!
54%
41 Talking Heads Post-Punk Remain in Light
52%
48 Black Country, New Road Art Rock Ants from Up There
50%
20 Bjork Art Pop Homogenic
50%
44 Kate Bush Art Pop Hounds of Love
50%
25 Sufjan Stevens Chamber Pop Illinois
50%
42 Nine Inch Nails Industrial Rock The Downward Spiral
50%
36 Miles Davis Jazz Fusion Bitches Brew
48%
34 John Coltrane Spiritual Jazz A Love Supreme
46%
19 Have a Nice Life Post-Punk Deathconsciousness
46%
33 The Cure Gothic Rock Disintegration
46%
45 Portishead Trip-Hop Dummy
46%
6 Godspeed You Black Emperor! Post-Rock Lift Your Skinny Fists Like Antennas to Heaven
46%
11 Charles Mingus Avant-Garde Jazz The Black Saint and the Sinner Lady
46%
32 Fishmans Neo-Psychedelia LONG SEASON
42%
37 Sade Smooth Soul Love Deluxe
42%
28 Fiona Apple Piano Rock When the Pawn...
42%
46 Swans Post-Rock Soundtracks for the Blind
38%
49 Joanna Newsome Progressive Folk Ys
38%
No matching quizzes found
Score Distribution
Percent of People with Each Score
Percentile by Number Answered
Your Score History
You have not taken this quiz